000 01008nam a22001937a 4500
999 _c61975
_d61975
003 Ge_BSU
005 20240618122012.0
008 240618s1971 ge ||||| |||| 00| 0 geo d
041 _ageo
080 _a615.834(479.22) კ-64
100 _aკობახიძე, ემილ
_922476
245 _aსაქართველოს სსრ საკურორტო მეურნეობა და ტურიზმი :
_cემილ კობახიძე; რედ. გ. გველესიანი; ვახუშტის სახ. გეოგრაფიის ინ-ტი.
264 _aთბილისი :
_bმეცნიერება,
_c1971.
300 _a75 გვ. ;
_b21 სმ.
653 _aკურორტები საქართველოში
653 _aტურიზმი საქართველოში
653 _aსაქართველოს ეკონომიური გეოგრაფია
942 _2udc
_cBK